[Event "FRA-chT Top 12 (Women)"]
[Site "Mulhouse"]
[Date "2014.05.11"]
[Round "5.1"]
[White "Rudolf, Anna"]
[Black "Schmidt, Jessica"]
[Result "1-0"]
[WhiteElo "2292"]
[BlackElo "2291"]
[PlyCount "125"]
[EventDate "2014.05.09"]
[EventType "team-tourn"]
[EventRounds "5"]
[EventCountry "FRA"]
[SourceTitle "CBM 160 Extra"]
[Source "ChessBase"]
[SourceDate "2014.07.01"]
[SourceVersion "1"]
[SourceVersionDate "2014.07.01"]
[SourceQuality "1"]
[WhiteTeam "Vandoeuvre (W)"]
[BlackTeam "Strasbourg (W)"]
[WhiteTeamCountry "FRA"]
[BlackTeamCountry "FRA"]

1. e4 e5 2. Nf3 Nc6 3. Bb5 a6 4. Ba4 Nf6 5. 0-0 b5 6. Bb3 Be7 7. a4 Rb8 8. Qe2 0-0 9. axb5 axb5 10. Nc3 b4 11. Nd5 Bb7 12. Nxe7+ Qxe7 13. d3 h6 14. h3 d6 15. Be3 Nd7 16. Bd5 Nd8 17. Bxb7 Nxb7 18. Ra7 c5 19. Nd2 Nb6 20. Rfa1 Kh7 21. c3 bxc3 22. bxc3 Ra8 23. Qd1 Rxa7 24. Rxa7 Nc8 25. Ra6 Nd8 26. Nc4 Ne6 27. Qa4 Qb7 28. Nxd6 Qb1+ 29. Kh2 Qxd3 30. Qc4 Qxc4 31. Nxc4 Ne7 32. Nxe5 Kg8 33. f4 Re8 34. h4 h5 35. f5 Nc7 36. Ra5 Nxf5 37. exf5 Rxe5 38. Bf4 Re7 39. Rxc5 Ne8 40. Re5 Kf8 41. Rxe7 Kxe7 42. Be5 Kd7 43. g4 hxg4 44. Kg3 Kc6 45. Kxg4 Kd5 46. Kf4 f6 47. Bd4 Nd6 48. h5 Nf7 49. Bb6 Ne5 50. Bc7 Nd3+ 51. Ke3 Nc5 52. Bb6 Ne4 53. Bd4 Nd6 54. Kf4 Nf7 55. Bb6 Ne5 56. Ba5 Nd3+ 57. Ke3 Nc5 58. Bb4 Ne4 59. Kf4 Ng5 60. Bf8 Kc4 61. Bxg7 Nh7 62. h6 Kxc3 63. Kg4 1-0

[Event "FRA-chT Top 12 (Women)"]
[Site "Mulhouse"]
[Date "2014.05.11"]
[Round "4.1"]
[White "Schmidt, Jessica"]
[Black "Agababean, Naira"]
[Result "1-0"]
[WhiteElo "2291"]
[BlackElo "2180"]
[PlyCount "53"]
[EventDate "2014.05.09"]
[EventType "team-tourn"]
[EventRounds "5"]
[EventCountry "FRA"]
[SourceTitle "CBM 160 Extra"]
[Source "ChessBase"]
[SourceDate "2014.07.01"]
[SourceVersion "1"]
[SourceVersionDate "2014.07.01"]
[SourceQuality "1"]
[WhiteTeam "Strasbourg (W)"]
[BlackTeam "Monaco (W)"]
[WhiteTeamCountry "FRA"]
[BlackTeamCountry "MNC"]

1. d4 d6 2. Nf3 c6 3. c4 Nf6 4. Nc3 Bf5 5. h3 h6 6. Bf4 Nbd7 7. e3 Ne4 8. Be2 Nxc3 9. bxc3 Nf6 10. 0-0 g5 11. Bh2 Bg7 12. Bd3 Qc8 13. Rb1 Bxd3 14. Qxd3 0-0 15. Nd2 b6 16. f4 g4 17. e4 c5 18. f5 Kh8 19. Rbe1 gxh3 20. Qxh3 Ng8 21. e5 dxe5 22. dxe5 Kh7 23. Ne4 f6 24. e6 Qe8 25. Rf3 Rd8 26. Rg3 Qc6 27. Qg4 1-0

[Event "BL2 Sued 1314 (Women)"]
[Site "Germany"]
[Date "2013.11.30"]
[Round "1.1"]
[White "Birkholz, Olga"]
[Black "Schmidt, Jessica"]
[Result "0-1"]
[WhiteElo "2096"]
[BlackElo "2276"]
[PlyCount "80"]
[EventDate "2013.11.30"]
[EventType "team-tourn"]
[EventRounds "7"]
[EventCountry "GER"]
[SourceTitle "EXT 2018"]
[Source "ChessBase"]
[SourceDate "2017.10.13"]
[SourceVersion "1"]
[SourceVersionDate "2017.10.13"]
[SourceQuality "1"]
[WhiteTeam "Augsburg (W)"]
[BlackTeam "Karlsruhe (W)"]
[WhiteTeamCountry "GER"]
[BlackTeamCountry "GER"]

1. g3 d5 2. Bg2 Nf6 3. b4 e5 4. Bb2 Bd6 5. e3 0-0 6. Ne2 c6 7. 0-0 Bf5 8. a4 Re8 9. b5 Qc8 10. bxc6 Nxc6 11. Nbc3 Bh3 12. Nb5 Bb8 13. f4 Bxg2 14. Kxg2 a6 15. fxe5 Nxe5 16. Bxe5 Bxe5 17. Nbd4 Qd7 18. c3 Ne4 19. Rb1 Rac8 20. Rb2 Rc7 21. Nf5 Rc6 22. Ned4 Rg6 23. Nh4 Rf6 24. Rxf6 Bxf6 25. Nhf3 h5 26. Qe1 h4 27. Ng1 hxg3 28. hxg3 Bxd4 29. cxd4 Re6 30. d3 Nd6 31. Nf3 Qxa4 32. Qc1 Qe8 33. Rb6 Qd8 34. Rb2 b5 35. Ra2 Nf5 36. Ne5 f6 37. Nc6 Qd6 38. Ne5 fxe5 39. Qc8+ Kh7 40. dxe5 Qxe5 0-1

[Event "BL 1213 (Women)"]
[Site "Germany"]
[Date "2013.01.20"]
[Round "7.1"]
[White "Schmidt, Jessica"]
[Black "Gaponenko, Inna"]
[Result "1/2-1/2"]
[WhiteElo "2273"]
[BlackElo "2403"]
[PlyCount "60"]
[EventDate "2012.10.06"]
[EventType "team-tourn"]
[EventRounds "11"]
[EventCountry "GER"]
[SourceTitle "EXT 2014"]
[Source "ChessBase"]
[SourceDate "2013.11.20"]
[SourceVersion "1"]
[SourceVersionDate "2013.11.20"]
[SourceQuality "1"]
[WhiteTeam "Karlsruhe (W)"]
[BlackTeam "Muelheim Nord (W)"]
[WhiteTeamCountry "GER"]
[BlackTeamCountry "GER"]

1. d4 d5 2. Nf3 c5 3. c3 cxd4 4. cxd4 Nc6 5. Nc3 Nf6 6. Bf4 e6 7. e3 Be7 8. Bd3 Nh5 9. Be5 0-0 10. h3 Bd7 11. 0-0 g6 12. Bh2 Qa5 13. Qe2 Rfc8 14. Rac1 Be8 15. Rfd1 a6 16. a3 b5 17. Na2 Qb6 18. Ne5 Nxe5 19. Bxe5 a5 20. Rxc8 Rxc8 21. Rc1 Rxc1+ 22. Nxc1 f6 23. Bh2 b4 24. axb4 Qxb4 25. g4 Ng7 26. Na2 Qb3 27. Nc3 a4 28. Nb5 Bxb5 29. Bxb5 a3 30. bxa3 Bxa3 1/2-1/2

[Event "BL 1112 (Women)"]
[Site "Germany"]
[Date "2012.04.22"]
[Round "10.1"]
[White "Movsesian, Julia"]
[Black "Schmidt, Jessica"]
[Result "1/2-1/2"]
[WhiteElo "2260"]
[BlackElo "2265"]
[PlyCount "54"]
[EventDate "2011.10.29"]
[EventType "team-tourn"]
[EventRounds "11"]
[EventCountry "GER"]
[SourceTitle "EXT 2013"]
[Source "ChessBase"]
[SourceDate "2012.11.22"]
[SourceVersion "1"]
[SourceVersionDate "2012.11.22"]
[SourceQuality "1"]
[WhiteTeam "Rodewisch (W)"]
[BlackTeam "Karlsruhe (W)"]
[WhiteTeamCountry "GER"]
[BlackTeamCountry "GER"]

1. Nf3 d5 2. g3 Nf6 3. Bg2 Bf5 4. 0-0 e6 5. c4 c6 6. cxd5 exd5 7. d3 Be7 8. b3 0-0 9. Bb2 h6 10. Nbd2 Nbd7 11. Qc2 Bh7 12. Rad1 a5 13. e4 Qb6 14. Ne5 Nxe5 15. Bxe5 Ng4 16. Bb2 Bc5 17. Nb1 dxe4 18. dxe4 Rad8 19. Rxd8 Rxd8 20. Bf3 Nf6 21. Nd2 Bd4 22. Nc4 Qc7 23. Bxd4 Rxd4 24. Qc3 Qd8 25. Qxa5 Bxe4 26. Bxe4 Nxe4 27. Qxd8+ Rxd8 1/2-1/2